El proceso de la entrevista:/ (Registro nro. 8419)
[ vista simple ]
| 000 -LEADER | |
|---|---|
| fixed length control field | 01124nam a2200217Ia 4500 |
| 005 - FECHA Y HORA DE LA ÚLTIMA TRANSACCIÓN | |
| control field | 20241209143133.0 |
| 008 - FIXED-LENGTH DATA ELEMENTS--GENERAL INFORMATION | |
| fixed length control field | 230621s9999 xx 000 0 und d |
| 020 ## - INTERNATIONAL STANDARD BOOK NUMBER | |
| International Standard Book Number | 968-18-2738-4 |
| 040 ## - CATALOGING SOURCE | |
| Original cataloging agency | UPAN |
| Transcribing agency | Biblioteca San Vicente |
| Description conventions | RCAA2 |
| 041 ## - LANGUAGE CODE | |
| Language code of text/sound track or separate title | spa |
| 082 ## - DEWEY DECIMAL CLASSIFICATION NUMBER | |
| Classification number | 350.132 5 |
| Item number | A238p |
| año de publicación | 1994 |
| 100 ## - MAIN ENTRY--PERSONAL NAME | |
| Personal name | Acevedo Ibáñez, Alejandro |
| Relator code | aut. |
| 245 #0 - TITLE STATEMENT | |
| Title | El proceso de la entrevista:/ |
| Remainder of title | Conceptos y modelos/ |
| Statement of responsibility, etc | Alejandro Acevedo Ibáñez, Alba Florencia A. López M. |
| 250 ## - EDITION STATEMENT | |
| Edition statement | 4° ed. |
| 260 ## - PUBLICATION, DISTRIBUTION, ETC. (IMPRINT) | |
| Place of publication, distribution, etc | Mexico: |
| Name of publisher, distributor, etc | Limusa; |
| Date of publication, distribution, etc | 1994 |
| 300 ## - PHYSICAL DESCRIPTION | |
| Extent | 200 p.; |
| Dimensions | 21 cm. |
| 505 ## - FORMATTED CONTENTS NOTE | |
| Formatted contents note | I- Generalidades. <br/>II- Tipos de entrevista. <br/>III- Pasos de la entrevista. <br/>IV- Comunicación. <br/>V- Tres grandes artes: preguntar, escuchar, observar. <br/>VI- Técnicas para mejorar la entrevista. <br/>VII- Rasgos del entrevistado. <br/>VIII- Características del entrevistador.<br/>IX- Desarrollo de la personalidad.<br/>X- Entrevista de selección.<br/>XI- Otros tipos de entrevista usados.<br/>XII- Ubicación de la entrevista dentro de la organización. |
| 650 ## - SUBJECT ADDED ENTRY--TOPICAL TERM | |
| Source of heading or term | LEMB |
| General subdivision | Entrevista de trabajo |
| Form subdivision | Guía |
| 700 ## - ADDED ENTRY--PERSONAL NAME | |
| Relator code | A. Lopéz M. Alba Florencia |
| 942 ## - ADDED ENTRY ELEMENTS (KOHA) | |
| Koha item type | Libros |
| Source of classification or shelving scheme | Dewey Decimal Classification |
| Withdrawn status | Lost status | Source of classification or shelving scheme | Damaged status | Not for loan | Collection code | Home library | Current library | Date acquired | Total Checkouts | Full call number | Barcode | Date last seen | Price effective from | Koha item type |
|---|---|---|---|---|---|---|---|---|---|---|---|---|---|---|
| Dewey Decimal Classification | Colección General | Biblioteca UPAN San Vicente | Biblioteca UPAN San Vicente | 22/06/2023 | 350.132 5 A238p | 12001128 | 22/06/2023 | 22/06/2023 | Libros |